The works of John Newton; vol. 5. (Record no. 16029)

000 -LEADER
fixed length control field 00569nam a2200181 a 4500
001 - CONTROL NUMBER
control field :::00018648$&:&@@
003 - CONTROL NUMBER IDENTIFIER
control field OkBaRHE
005 - DATE AND TIME OF LATEST TRANSACTION
control field 20100331123338.0
008 - FIXED-LENGTH DATA ELEMENTS--GENERAL INFORMATION
fixed length control field s1985 j 000 0 eng u
040 ## - CATALOGING SOURCE
Transcribing agency
100 1# - MAIN ENTRY--PERSONAL NAME
Personal name Newton, John, 1725-1807.
245 14 - TITLE STATEMENT
Title The works of John Newton; vol. 5.
260 ## - PUBLICATION, DISTRIBUTION, ETC. (IMPRINT)
Place of publication, distribution, etc Edinburgh, UK:ST., :
Name of publisher, distributor, etc The Banner of Truth Trust
Date of publication, distribution, etc 1985
300 ## - PHYSICAL DESCRIPTION
Extent v. <1-6> ;
Dimensions 22 cm.
650 ## - SUBJECT ADDED ENTRY--TOPICAL TERM
Topical term or geographic name as entry element Newton, John.
942 ## - ADDED ENTRY ELEMENTS (KOHA)
Source of classification or shelving scheme
Koha item type Books
Copies
Withdrawn status Permanent Location Source of classification or shelving scheme Full call number Lost status Date acquired Price effective from Koha item type Barcode Date last seen Not for loan Copy number Damaged status Shelving location
 RHEMA Bible Training College BX 8217 .N48 V.5 2010-04-142010-04-14Books186482010-04-14 1 General Stacks